00971nam a2200241 a 450000100060000000300080000600500170001400800410003103500190007204000350009104100080012608200310013410000370016524501340020226000400033630000400037650000970041650400380051365000490055165100460060065100490064670000340069546292BD-RjUL20211209054131.0160801s1935 pk a 001 0 eng d a(BD-RjUL)46410 aBD-RjULbengcBD-RjULdBD-RjUL aeng a324.25408309223bSIH 19351 aSitaramayya, Bhogaraju Pattabhi 04aThe history of the Indian National Congress, (1885-1935 )/cby B. Pattabhi Sitaramayya ; with an introduction by Rajendra Prasad aMadras :bNational Congress.,c1935 axxii, 1038, civ p. :bill. ;c21 cm a"Published by the working Committee of the congress on the occation of the 50th Anniversary" aIncludes bibliographies and index aIndian National CongressvHistoryy1885-1935 0aIndiaxPolitics and governmenty1857-1919 0aIndiaxPolitics and governmenty20th century aPrasad, Rajendra, introducer